| 000 | 00704nam a2200229 a 4500 | ||
|---|---|---|---|
| 999 |
_c921 _d921 |
||
| 001 | 921 | ||
| 003 | BD-JhCC | ||
| 005 | 20200328134008.0 | ||
| 008 | 171011s2010 bg |||| ||a| 000 0 ben d | ||
| 020 | _a9847013800699 | ||
| 035 | _a(BD-JhCC)921 | ||
| 040 |
_aBD-JhCC _dBD-JhCC |
||
| 041 | _aben | ||
| 082 |
_a891.4409 _bCHU 2010 |
||
| 100 | _aচৌধুরী, সিরাজুল ইসলাম | ||
| 245 |
_aপ্রবন্ধ সমগ্র ৫ / _cসিরাজুল ইসলাম চৌধুরী |
||
| 260 |
_aঢাকা : _bবিদ্যা প্রকাশ, _c2010. |
||
| 300 |
_a527 p. : _c21 cm. |
||
| 650 | _aBengali Literature | ||
| 942 |
_2ddc _cBK _02 |
||